Elvis Presley - What'd I Say Lyrics - Statistics

General Stats
  • This quiz has been taken 21 times
  • The average score is 133 of 207
Answer Stats
Answer % Correct
I
100%
Oh
92%
say,
92%
say
92%
you
92%
love
85%
me
85%
what'd
85%
yeah!
85%
Baby,
77%
Baby
77%
baby
77%
do
77%
don't
77%
the
77%
to
77%
all
69%
All
69%
and
69%
can
69%
Come
69%
Hey
69%
hey,
69%
long
69%
night
69%
She
69%
so
69%
tell
69%
Tell
69%
your
69%
girl
62%
how
62%
knows
62%
now
62%
on
62%
right,
62%
right
62%
See
62%
see
62%
that
62%
with
62%
diamond
54%
dress
54%
red
54%
ring
54%
shake
54%
thing
54%
thing,
54%
well
54%
Daddy
46%
feel
46%
It's
46%
it's
46%
mama,
46%
treat
46%
wrong
46%
good,
38%
good
38%
Make
38%
make
38%
Mmm,
38%
Ohh,
38%
Ohh
38%
Ahhh,
31%
dog
23%
hmm
8%
No matching quizzes found
Score Distribution
Percent of People with Each Score
Percentile by Number Answered
Your Score History
You have not taken this quiz